| 000 | 00723nam a22001697a 4500 | ||
|---|---|---|---|
| 003 | SGT | ||
| 020 | _a9788120304864 | ||
| 082 | _a658, MAS | ||
| 100 | _aMASSIE L . JOSEPH | ||
| 245 | _aESSENTIALS OF MANAGEMENT | ||
| 250 | _a4TH | ||
| 260 |
_aNEW DELHI _bPHI _c2010 |
||
| 300 | _a301 | ||
| 650 | _aMANAGEMENT | ||
| 653 | _aBackground of Modern Management, Nature and Importance of Management, Development of Management Thought, _Functions in The Management Process, Decision Making, Organizing and Staffing, Planning and Strategic Management, Leadership, Communicating and Controlling, Applications of Managerial Functions, Operations Management, Marketing Management. Financial Management | ||
| 942 |
_2ddc _cFCM _03 |
||
| 999 |
_c9027 _d9027 |
||